000
00245nam a22000857a 4500
008
160711b xxu||||| |||| 00| 0 eng d
100
_9
2579
_a
National Geographic Society
245
_a
Great Religions of the World
260
_a
Washington
_b
N.G.S.
_c
1971
999
_c
2244
_d
2244